Statistics for Countries without the letter "A" in their name

Click here to take the quiz!

General Stats

  • This quiz has been taken 35 times
    (14 since last reset)
  • The average score is 26 of 30

Answer Stats

Answers% Correct
Belize
100%
Benin
100%
Chile
100%
Egypt
100%
Fiji
100%
Mexico
100%
Niger
100%
Sweden
100%
Yemen
100%
Lesotho
91%
Togo
91%
Turkey
91%
United Kingdom
91%
Belgium
82%
Brunei
82%
Comoros
82%
Djibouti
82%
Liechtenstein
82%
Luxembourg
82%
Morocco
82%
Peru
82%
Philippines
82%
Republic of the Congo
82%
Seychelles
82%
Burundi
73%
Cyprus
73%
Greece
73%
Kosovo
73%
Montenegro
73%
Czech Republic
64%

Score Distribution

Percentile by Number Answered

Percent of People with Each Score

Your Score History

You have not taken this quiz since the last reset